000 00321nam a2200133 i 4500
001 bg
100 1 _aJURKOWSKI, Marian
245 0 _aOd wieży Babel do języka kosmitów /
_cM. Jurkowski.
260 _aBiałystok,
_c1986.
040 _cBPK
041 _apol
942 _cKS
008 s pl f |000 0 pol
999 _c23513
_d23513
856 _uhttp://koha.tu.koszalin.pl/cgi-bin/koha/opac-detail.pl?biblionumber=23513
_yKatalog online BPK